První kroky na burze /

Uloženo v:
Podrobná bibliografie
Hlavní autor: Turek, Ludvík 1974- (Autor)
Médium: Kniha
Jazyk:čeština
Vydáno: Brno : Computer Press, 2008
Vydání:1. vyd.
Témata:
ISBN:9788025119150
On-line přístup: Získat plný text
Tagy: Přidat tag
Žádné tagy, Buďte první, kdo vytvoří štítek k tomuto záznamu!

MARC

LEADER 00000nam a2200000 4500
003 SK-BrCVT
005 20220621164414.0
008 080526s2008 xr e ||||||cze d
020 |a 9788025119150 
035 |a CVTIDW1440259 
040 |b slo  |a CVTI SR  |e AACR2 
041 0 |a cze 
044 |a xr 
080 |a 336.76  |2 UDC-MRF 
080 |a 336.764/.768  |2 UDC-MRF 
100 1 |a Turek, Ludvík  |d 1974-,  |4 aut 
245 1 0 |a První kroky na burze /  |c Autoři: Ludvík Turek ... [et al.] 
250 |a 1. vyd. 
260 |a Brno :  |b Computer Press,  |c 2008 
300 |a 154 s. :  |b fotogr., grafy, tab. ; 
500 |a Naučte se obchodovat na akciových, finančních a komoditních trzích 
653 1 |a investičná analýza  |a technická analýza  |a riadenie rizika  |a obchodovanie s komoditami  |a akciový trh 
910 |a BA002  |b A605323 
919 |a 978-80-251-1915-0 
974 |f Knihy 
992 |a APP 
999 |c 163105  |d 163105